00253nam a2200109Ia 4500008004100000100001800041245002600059260002000085260000900105546001200114999001700126170619s9999 xx 000 0 und d aHaykin- Simon 0aCommunication Systems bEast West Press c2002 aENGLISH c16708d16708